Monjes / (Record no. 108550)

MARC details
000 -LEADER
campo de control de longitud fija 00747nam a2200217 4500
001 - NÚMERO DE CONTROL
campo de control 108550
003 - IDENTIFICADOR DE NÚMERO DE CONTROL
campo de control ES-MaACL
005 - FECHA Y HORA DE LA ÚLTIMA TRANSACCIÓN
campo de control 20250824230754.0
007 - CAMPO FIJO DE DESCRIPCIÓN FÍSICA--INFORMACIÓN GENERAL
campo de control de longitud fija t|
008 - DATOS DE LONGITUD FIJA--INFORMACIÓN GENERAL
campo de control de longitud fija 061121s1955 sp r ||||1| spa d
110 2# - ENTRADA PRINCIPAL--NOMBRE DE ENTIDAD CORPORATIVA
Nombre de entidad corporativa o nombre de jurisdicción como elemento de entrada Abadía de La Pierre-qui-Vire.
9 (RLIN) 1132
245 10 - MENCIÓN DEL TÍTULO
Título Monjes /
Mención de responsabilidad, etc. Abadía de La Pierre-qui-Vire; prólogo de Fray Justo Pérez de Urbel; traducción de Victorio Peral.
260 ## - PUBLICACIÓN, DISTRIBUCIÓN, ETC.
Lugar de publicación, distribución, etc. Madrid :
Nombre del editor, distribuidor, etc. Rialp,
Fecha de publicación, distribución, etc. 1955.
300 ## - DESCRIPCIÓN FÍSICA
Extensión 250 p. ;
Dimensiones 17 cm.
490 1# - MENCIÓN DE SERIE
Mención de serie Patmos, Libros de Espiritualidad ;
Designación de volumen o secuencia Vol. 52
700 1# - ENTRADA AGREGADA--NOMBRE PERSONAL
Nombre de persona Pérez de Urbel, Justo.
9 (RLIN) 90812
700 1# - ENTRADA AGREGADA--NOMBRE PERSONAL
Nombre de persona Peral Domínguez, Victorio.
9 (RLIN) 90355
830 00 - PUNTO DE ACCESO ADICIONAL DE SERIE-TÍTULO UNIFORME
Título uniforme Patmos (Rialp)
Designación de volumen o secuencia Vol. 52
9 (RLIN) 181154
852 ## - LOCALIZACIÓN
Ubicación ES-MaACL
Número de control de estantería C-10716
Sublocalización o colección R.38409
Holdings
Estatus retirado Estado de pérdida Estado de daño No para préstamo Biblioteca de origen Biblioteca actual Ubicación en estantería Fecha de adquisición Fuente de adquisición Total de préstamos Signatura topográfica completa Código de barras Visto por última vez Precio de reemplazo Tipo de ítem Koha
        Biblioteca del Ateneo de Madrid Biblioteca del Ateneo de Madrid Sala Palomar 17/01/2008     C-10716 1113267 23/02/2023 23/02/2023 Libro impreso